Sports Quiz

Random Sports or NFL Quiz

NFL Winningest QBs per Team Quiz Stats

 Plays Quiz Updated Jan 9, 2018

Challenge
Share
Tweet
Embed
Score 0/160 Timer 18:00
10 Plays Today
Team Quarterback % Correct
Indianapolis ColtsPeyton Manning
96.4%
New York GiantsEli Manning
96.1%
New Orleans SaintsArchie Manning
95.3%
New England PatriotsTom Brady
92.2%
Green Bay PackersBrett Favre
91.7%
Denver BroncosJohn Elway
90.4%
San Francisco 49ersJoe Montana
89.5%
Miami DolphinsDan Marino
88.4%
Los Angeles ChargersDrew Brees
87.8%
New Orleans SaintsDrew Brees
87.8%
San Francisco 49ersSteve Young
87.5%
Tennessee TitansVince Young
86.9%
Los Angeles ChargersPhilip Rivers
85.6%
Philadelphia EaglesDonovan McNabb
84.4%
Baltimore RavensJoe Flacco
84%
Dallas CowboysTroy Aikman
84%
Green Bay PackersAaron Rodgers
83.5%
Cincinnati BengalsCarson Palmer
83.2%
Kansas City ChiefsAlex Smith
83.2%
Dallas CowboysTony Romo
82.9%
Los Angeles RamsPat Haden, Kurt Warner
81.4%
Buffalo BillsJim Kelly
81.1%
Pittsburgh SteelersBen Roethlisberger
80.4%
Denver BroncosPeyton Manning
80.2%
Atlanta FalconsMichael Vick
79.9%
Atlanta FalconsMatt Ryan
79.7%
Pittsburgh SteelersTerry Bradshaw
79.1%
Cleveland BrownsFrank Ryan
79%
Arizona CardinalsCarson Palmer
77.6%
Houston TexansMatt Schaub
77%
Buffalo BillsDrew Bledsoe
74.6%
New England PatriotsDrew Bledsoe
74.6%
New York JetsJoe Namath
74.6%
Seattle SeahawksMatt Hasselbeck
74.2%
Baltimore RavensSteve McNair
72.8%
Tennessee TitansSteve McNair
72.8%
Green Bay PackersBart Starr
71.1%
Dallas CowboysRoger Staubach
69.4%
New York GiantsPhil Simms
69%
Houston TexansDavid Carr
68.9%
Indianapolis ColtsJohnny Unitas
68.5%
Baltimore RavensVinny Testaverde, Elvis Grbac
68.5%
Tampa Bay BuccaneersBrad Johnson
68%
Minnesota VikingsBrad Johnson
68%
Carolina PanthersJake Delhomme
67.5%
Arizona CardinalsCharley Johnson
67.4%
San Francisco 49ersAlex Smith
66.4%
Cincinnati BengalsBoomer Esiason
66.2%
Tampa Bay BuccaneersVinny Testaverde
65.9%
New York JetsVinny Testaverde
65.9%
Chicago BearsJim McMahon
65.5%
Jacksonville JaguarsMark Brunell
65.1%
Tennessee TitansWarren Moon
64.1%
Los Angeles ChargersDan Fouts
63.8%
Team Quarterback % Correct
Jacksonville JaguarsBlake Bortles
63.6%
Minnesota VikingsDaunte Culpepper
63.2%
Jacksonville JaguarsBlaine Gabbert, Chad Henne
62.3%
Seattle SeahawksRussel Wilson
61.3%
Jacksonville JaguarsDavid Garrard
61.1%
New York GiantsFran Tarkenton
60.9%
Minnesota VikingsFran Tarkenton
60.9%
Philadelphia EaglesRandall Cunningham
59.8%
Oakland RaidersRich Gannon
59.7%
Miami DolphinsBob Griese
59.3%
Cincinnati BengalsKen Anderson
59.2%
Denver BroncosBrian Griese
59.2%
Kansas City ChiefsTrent Green
58.8%
Carolina PanthersKerry Collins
58.1%
New York GiantsKerry Collins
58.1%
Cincinnati BengalsAndy Dalton
58.1%
Denver BroncosJake Plummer
56.1%
Arizona CardinalsJake Plummer
56.1%
New York JetsMark Sanchez
55.9%
Tampa Bay BuccaneersTrent Dilfer
55.7%
Oakland RaidersKen Stabler
53.9%
Washington RedskinsJoe Theismann
53.1%
Indianapolis ColtsAndrew Luck
52.4%
Tampa Bay BuccaneersDoug Williams
52.1%
Jacksonville JaguarsByron Leftwich
49.7%
Carolina PanthersCam Newton
49.5%
Los Angeles RamsMarc Bulger
48.6%
Philadelphia EaglesRon Jaworski
48.3%
Tampa Bay BuccaneersJosh Freeman
47.7%
Kansas City ChiefsLen Dawson
47.3%
Cleveland BrownsBernie Kosar
46.9%
Oakland RaidersJim Plunkett
44%
Minnesota VikingsWade Wilson
44%
Dallas CowboysDanny White
42.9%
Buffalo BillsTyrod Taylor
42.5%
Chicago BearsJim Harbaugh
41.6%
Pittsburgh SteelersKordell Stewart
41.2%
Atlanta FalconsChris Chandler
40.4%
Philadelphia EaglesMichael Vick
39.6%
Washington RedskinsMark Rypien
39.2%
New Orleans SaintsAaron Brooks
38.4%
Cleveland BrownsOtto Graham
37.9%
Indianapolis ColtsBert Jones
37.8%
San Francisco 49ersY. A. Tittle
37.4%
Seattle SeahawksDave Krieg
36.6%
Chicago BearsJay Cutler
34.8%
Houston TexansBrock Osweiler
34.7%
Baltimore RavensKyle Boller
33.6%
Los Angeles RamsJim Everett
32%
New Orleans SaintsJim Everett
32%
New York JetsKen O'Brien
31.6%
Pittsburgh SteelersNeil O'Donnell
30.9%
Detroit LionsScott Mitchell
30%
Detroit LionsMatthew Stafford
30%
Team Quarterback % Correct
Houston TexansRyan Fitzpatrick
30%
New England PatriotsSteve Grogan
29.9%
New England PatriotsTony Eason
29%
Seattle SeahawksJim Zorn
28.6%
Cleveland BrownsBrian Sipe
27.5%
Carolina PanthersSteve Beuerlein
26.9%
Miami DolphinsRyan Tannehill
26.6%
Washington RedskinsSonny Jurgensen
26.4%
Oakland RaidersJeff Hostetler
26.4%
Minnesota VikingsTommy Kramer
25.9%
Chicago BearsEd Brown
25.5%
Atlanta FalconsSteve Bartkowski
25.3%
Atlanta FalconsChris Miller
25%
Denver BroncosCraig Morton
24.9%
Miami DolphinsJay Fiedler
24.5%
Detroit LionsBobby Layne
24.4%
Arizona CardinalsJim Hart
23.8%
Arizona CardinalsNeil Lomax
23.5%
Tennessee TitansGeorge Blanda
23.2%
Los Angeles ChargersStan Humphries
23%
Oakland RaidersDaryle Lamonica
22.6%
Kansas City ChiefsSteve DeBerg, Mike Livingston
22.4%
Carolina PanthersRodney Peete
21.1%
Los Angeles RamsNorm Van Brocklin
21%
Baltimore RavensTony Banks
20.8%
Dallas CowboysDon Meredith
20.6%
Los Angeles RamsRoman Gabriel
20.3%
Buffalo BillsJack Kemp
19.9%
New Orleans SaintsBobby Hebert
19.7%
Houston TexansSage Rosenfels
19.5%
Buffalo BillsJoe Ferguson
18.9%
Los Angeles ChargersJohn Hadl
18.2%
Cincinnati BengalsJeff Blake
18.1%
San Francisco 49ersJohn Brodie
17.7%
Washington RedskinsKirk Cousins
17.4%
Indianapolis ColtsEarl Morrall
16.9%
Washington RedskinsBilly Kilmer
16.6%
Pittsburgh SteelersBubby Brister
16.3%
Green Bay PackersLynn Dickey
15.8%
New York JetsRichard Todd
14.9%
Tennessee TitansDan Pastorini
14.7%
Seattle SeahawksRick Mirer
13.1%
Miami DolphinsDavid Woodley
12.4%
Detroit LionsGreg Landry
10.5%
Detroit LionsEric Hipple
7.7%
Philadelphia EaglesNorm Snead
7.5%
Kansas City ChiefsBill Kenney
7.5%
New England PatriotsBabe Parilli
7.1%
Chicago BearsBilly Wade
6.3%
New York GiantsCharlie Conerly
5.7%
Green Bay PackersTobin Rote
4.6%
Cleveland BrownsBill Nelsen
4%

You're not logged in!

Compare scores with friends on all Sporcle quizzes.
Join for Free
OR
Log In

You Might Also Like...

Show Comments

Extras

Top Quizzes Today


Score Distribution

Your Account Isn't Verified!

In order to create a playlist on Sporcle, you need to verify the email address you used during registration. Go to your Sporcle Settings to finish the process.

Report this User

Report this user for behavior that violates our Community Guidelines.

Details: